| 000 | 01103nam a22002537a 4500 | ||
|---|---|---|---|
| 005 | 20170124102931.0 | ||
| 010 | _aB-082087 | ||
| 020 |
_c400.00 _a8170551692 |
||
| 035 | _aB-082087 | ||
| 037 | _bCen Lib/Ret | ||
| 040 |
_aDPL _bHN |
||
| 082 |
_a820.8 _bहजारी |
||
| 245 |
_aहजारीप्रसाद द्रिवेदी संचयिता / _cसंपादक राधावल्लभ त्रिपाठी |
||
| 246 |
_aHajari Prasad Drivedi sanchayita / _bsampadak Radhavallabh Tripathi |
||
| 260 |
_aनई दिल्ली _bवाणी प्रकाशन _c2001 |
||
| 270 |
_a21 -ए, दरयागंज _bनई दिल्ली _e110002 |
||
| 300 |
_a435पृ. _c19सेमी(सजिल्द ) |
||
| 650 |
_aहिंदी साहित्य _x _z _945028 |
||
| 650 |
_aहिंदी लालित्य _v _945029 |
||
| 650 |
_aHindi litarature _945030 |
||
| 650 |
_aHindi elegance _945031 |
||
| 700 |
_944981 _aतिपथी, राधावल्लभ |
||
| 942 |
_2ddc _cHN _h820.8 _mहजारी |
||
| 999 |
_c111908 _d111908 |
||